000 01283cab a2200205 4500
001 L131029
008 050921n2005 000 0 eng u
035 _a(Sirsi) u131029
041 0 _aeng
100 1 _aBlackwell, Martin
245 2 _aA consideration of the UK government's proposals for business improvement districts in England
260 _c2005
490 _aProperty Management
_v23(3) 2005, 194-203(10)
520 _aProvides a critical appraisal of government proposals for the introduction of business improvement districts (BIDs) in England and considers statute and case law against the draft Business Improvement Districts (England) Regulations 2004 while drawing on the experience of BID models in North America. Researches a number of areas of concern to those seeking to implement or pay a BID levy and identifies several areas in which the regulations will not achieve their stated aims as well as weaknesses in the voting and taxation provisions. Notes and references.
590 _aIKA270905
650 _aBUSINESS IMPROVEMENT DISTRICTS (ENGLAND) REGULATIONS 2004
690 _aPROPERTY-PROPERTY MANAGEMENT-REGENERATION
856 4 1 _uhttps://www.opsi.gov.uk/si/si2004/20042443.htm
_zView the Regulations free of charge at www.opsi.gov.uk...
942 _n0
999 _c75907
_d75907